| 000 | 00641nam a22002417a 4500 | ||
|---|---|---|---|
| 003 | OSt | ||
| 005 | 20140310183040.0 | ||
| 008 | 130222t xxu||||| |||| 00| 0 eng d | ||
| 020 | _a9712345114 | ||
| 050 |
_aGV 885 _b.J61 2006 |
||
| 082 |
_aFIL 796.33 _bJ56 2006 |
||
| 245 |
_aBall sports for fitness : textbook in physical education 4 for college _cJimena, Edgar |
||
| 260 |
_aManila _b Rex Book Store _c2006. |
||
| 300 |
_a183 p _c24 cm |
||
| 521 | _acollege students | ||
| 526 | _c1210L-1700L | ||
| 541 | _j1 | ||
| 541 | _j2 | ||
| 541 | _j3 | ||
| 541 | _j4 | ||
| 562 | _e4 | ||
| 942 |
_2lcc _cBK _kFIL |
||
| 999 |
_c18520 _d18520 |
||